Świat bez państw śródlądowych - Statystyki

Ogólne statystyki
  • Ten quiz został rozwiązany 14 razy
  • Średni wynik to 148 z 151
Odpowiedzi na mapie
Odpowiedzi zakodowano w zielono-czerwonej skali na mapie do tego quizu, zgodnie z poniższymi procentami.
 
Statystyki odpowiedzi
Państwa % Poprawnych
Algieria
100%
Angola
100%
Antigua i Barbuda
100%
Arabia Saudyjska
100%
Argentyna
100%
Australia
100%
Bahrajn
100%
Bangladesz
100%
Barbados
100%
Belgia
100%
Belize
100%
Bośnia i Hercegowina
100%
Brazylia
100%
Bułgaria
100%
Chile
100%
Chiny
100%
Chorwacja
100%
Cypr
100%
Czarnogóra
100%
Dania
100%
Demokratyczna Republika Konga
100%
Dominika
100%
Dominikana
100%
Dżibuti
100%
Egipt
100%
Ekwador
100%
Erytrea
100%
Estonia
100%
Fidżi
100%
Filipiny
100%
Finlandia
100%
Francja
100%
Gabon
100%
Gambia
100%
Ghana
100%
Grecja
100%
Grenada
100%
Gruzja
100%
Gujana
100%
Gwatemala
100%
Gwinea
100%
Gwinea Bissau
100%
Gwinea Równikowa
100%
Hiszpania
100%
Holandia
100%
Honduras
100%
Indie
100%
Indonezja
100%
Irak
100%
Iran
100%
Irlandia
100%
Islandia
100%
Izrael
100%
Jamajka
100%
Japonia
100%
Jemen
100%
Jordania
100%
Kambodża
100%
Kamerun
100%
Kanada
100%
Katar
100%
Kenia
100%
Kiribati
100%
Kolumbia
100%
Kongo
100%
Korea Północna
100%
Korea Południowa
100%
Kuba
100%
Liban
100%
Liberia
100%
Libia
100%
Litwa
100%
Łotwa
100%
Madagaskar
100%
Malediwy
100%
Malta
100%
Maroko
100%
Mauretania
100%
Meksyk
100%
Mikronezja
100%
Mjanma
100%
Mozambik
100%
Niemcy
100%
Norwegia
100%
Nowa Zelandia
100%
Oman
100%
Pakistan
100%
Panama
100%
Papua-Nowa Gwinea
100%
Peru
100%
Polska
100%
Portugalia
100%
Republika Południowej Afryki
100%
Republika Zielonego Przylądka
100%
Rosja
100%
Rumunia
100%
Saint Kitts i Nevis
100%
Saint Lucia
100%
Saint Vincent i Grenadyny
100%
Salwador
100%
Seszele
100%
Sierra Leone
100%
Słowenia
100%
Somalia
100%
Sri Lanka
100%
Stany Zjednoczone
100%
Sudan
100%
Syria
100%
Szwecja
100%
Tajlandia
100%
Tajwan
100%
Timor Wschodni
100%
Togo
100%
Tonga
100%
Tunezja
100%
Turcja
100%
Tuvalu
100%
Ukraina
100%
Urugwaj
100%
Vanuatu
100%
Wenezuela
100%
Wielka Brytania
100%
Wietnam
100%
Włochy
100%
Wyspy Salomona
100%
Wyspy Świętego Tomasza i Książeca
100%
Zjednoczone Emiraty Arabskie
100%
Albania
89%
Bahamy
89%
Benin
89%
Haiti
89%
Komory
89%
Kostaryka
89%
Kuwejt
89%
Malezja
89%
Mauritius
89%
Monako
89%
Namibia
89%
Nauru
89%
Nigeria
89%
Nikaragua
89%
Palau
89%
Samoa
89%
Senegal
89%
Singapur
89%
Surinam
89%
Tanzania
89%
Trynidad i Tobago
89%
Wybrzeże Kości Słoniowej
89%
Wyspy Marshalla
89%
Brunei
78%
Nie znaleziono quizów pasujących do podanych kryteriów
Rozkład punktacji
Procent ludzi z każdym wynikiem
Percentyl według liczby udzielonych odpowiedzi
Twoja historia wyników
Nie rozwiązałeś tego quizu